Statistiken für Länder in der Nähe von Luxemburg (mit einer Karte)

Klicken Sie hier um das Quiz zu spielen!

Allgemein

  • Dieses Quiz wurde 151 mal gespielt
  • Das Durchschnittsergebnis liegt bei 13 aus 20

Antworten auf der Karte

Die Antworten werden auf der Karte rot bzw. grün angezeigt, abhängig davon wie oft sie richtig erraten wurden.
 

Antwortstatistiken

Land% Korrekt
Frankreich
99%
Deutschland
98%
Belgien
97%
Niederlande
96%
Schweiz
93%
Italien
87%
Österreich
83%
Liechtenstein
74%
Vereinigtes
Königreich
72%
Dänemark
66%
Tschechien
64%
Spanien
63%
Monaco
55%
Polen
53%
San Marino
39%
Slowenien
36%
Slowakei
29%
Schweden
27%
Ungarn
24%
Kroatien
22%

Verteilung der Resultate

Perzentil nach korrekt beantworteten Fragen

Anzahl Personen mit jedem Resultat

Ihre Resultats-Entwicklung

Sie haben dieses Quiz noch nicht gespielt